000
00338nam a2200145Ia 4500
008
230718s9999 xx 000 0 und d
041
_a
Eng.
082
_a
263.3
_b
CHA-P
100
_a
Chan, Jonet B.L
245
0
_a
Policing in Sociaty
260
_a
Pakistan
_b
Cambridge University
_c
1997
300
_a
255
650
_a
Law
999
_c
27747
_d
27747